Unfinished quiz - Statistics

General Stats
  • This quiz has been taken 14 times
  • The average score is 5 of 15
Answer Stats
Hint Answer % Correct
God halted the construction of this immense tower and created the world's many languages Tower of Babel
64%
'The Mystery of Edwin Drood' was a murder mystery never completed by this author Charles Dickens
57%
Though he never finished it, ironically it's Gaudi's most famous building Sagrada Familia
57%
Hergé tragically died before finishing the 24th edition of this famous comic The Adventures of Tintin
57%
Samuel Cooper never completed his portait of this English figure, warts and all Oliver Cromwell
43%
Technically, this Leonardo da Vinci painting is not finished The Last Supper
43%
This huge German cathedral did eventually get finished, but it took 632 years! Cologne Cathedral
29%
'Critias' is an unfinished dialogue by this Greek author Plato
29%
Sergei Taneyev had to finish the 'Piano Concerto No. 3 ' that was left incomplete by this composer Tchaikovsky
29%
Construction of the national/royal palace of this country began in 1795 but it is still in the making Portugal
14%
This American city's subway was most infamously halted way back in the 1920s Cincinnati
7%
Gargantuan North Korean hotel started in 1989, and finished.... ? Ryugyong Hotel
7%
This Mark Twain short story was never finished, but it was adapted into a memorable creepy claymation The Mysterious Stranger
7%
Tolkien's famously unfinished works about Middle-Earth and other lands The Silmarillion
7%
This Muscovite building would have been the tallest in the world, but the German invasion in 1941 put a stop to it Palace of the Soviets
0%
No matching quizzes found
Score Distribution
Percent of People with Each Score
Percentile by Number Answered
Your Score History
You have not taken this quiz